000 00685nam a22002177a 4500
005 20240627135231.0
008 240627b |||||||| |||| 00| 0 eng d
020 _a9780128228456
040 _aKMU
_cKMU
_dKMU
_erda
050 _aSB 945.5.P67
245 _aPostharvest handling:
_bA systems approach.
_cEdited by Florkowski, Wojciech; Banks, Nigel; Shewfelt, Robert and Prussia, Stanley
250 _aFourth Edition
260 _aLondon :
_bAcademic Press,
_c2022.
300 _axvii, 684 p. :
_c24 cm.
600 _a Florkowski, Wojciech.
600 _aBanks, Nigel.
600 _aShewfelt, Robert.
600 _aPrussia, Stanley.
650 _aPostharvest.
942 _2lcc
_cBK
_n0
999 _c1347
_d1347